Books - Caamp (Lyrics) - Statistics

General Stats
  • This quiz has been taken 6 times
  • The average score is 261 of 285
Answer Stats
Answer % Correct
a
100%
ain't
100%
all
100%
And
100%
and
100%
anything
100%
better
100%
books
100%
call
100%
can
100%
can"
100%
candy
100%
cigarettes
100%
day
100%
every
100%
favorite
100%
for
100%
forget
100%
hadn't
100%
I
100%
I'll
100%
"I'll
100%
in
100%
it
100%
like
100%
listen
100%
love
100%
make
100%
man
100%
me
100%
my
100%
never
100%
Oh
100%
oh,
100%
oh
100%
Oh,
100%
out
100%
phone
100%
Place
100%
Play
100%
Remember
100%
right
100%
Say
100%
She
100%
she
100%
single
100%
tapes
100%
tasted
100%
Tastes
100%
that
100%
the
100%
then
100%
through
100%
to
100%
too
100%
way
100%
way?
100%
we
100%
were
100%
We're
100%
when
100%
yet
100%
you
100%
you'll
100%
your
100%
19
75%
about
75%
after
75%
at
75%
before
75%
car
75%
didn't
75%
far
75%
gas
75%
get
75%
Got
75%
if
75%
just
75%
laugh
75%
let
75%
miles
75%
much,
75%
point,
75%
Rain
75%
ran
75%
ridin'
75%
said
75%
shelf
75%
this
75%
those
75%
till
75%
time,
75%
tin
75%
walked
75%
ask
50%
bath
50%
bubble
50%
Do
50%
eyes
50%
giggles
50%
help
50%
left
50%
Not
50%
one
50%
only
50%
pennies
50%
question
50%
still
50%
There's
50%
thinking
50%
try
50%
Try
50%
understand
50%
upon
50%
you're
50%
Hey-ey,
25%
hey-ey,
25%
hey-ey-ey
0%
No matching quizzes found
Score Distribution
Percent of People with Each Score
Percentile by Number Answered
Your Score History
You have not taken this quiz